| 000 | 00457nam a2200181Ia 4500 | ||
|---|---|---|---|
| 005 | 20250603144745.0 | ||
| 008 | 250603s9999 xx 000 0 und d | ||
| 020 | _a9781032469492 | ||
| 050 | _aSB 123.57 .C44/ | ||
| 100 | _aChen, Jen-Tsung | ||
| 245 | 0 | _aCRISPR and plant functional genomics | |
| 260 | _aBoca Raton, FL | ||
| 260 | _b CRC Press | ||
| 260 | _c2024 | ||
| 300 | _axix, 367p. :ill. ; 25cm. | ||
| 650 | _aBoca Raton, FL | ||
| 942 | _cBK | ||
| 999 |
_c39860 _d39860 |
||